1500 1642 1379 1275 1095 1917 1151 1929 1379 1995 1013 1503 1586 1362 1648 1196 1995 1837 1010 1281 1074 1697 1290 1965 1782 1449 1484 1454 1605 1729 1206 1401 1764 1575 1349 1882 1053 1650 1204 1012 1573 1781 1414 1127 1050 1272 1782 1458 1912 1320 1888 1685 1781 1284 1948 1971 1759 1578 1987 1192 1562 1294 1139 1889 1785 1311 1410 1614 1330 1175 1196 1799 1899 1128 1082 1923 1787 1987 1969 1977 1083 1426 1284 1684 1939 1893 1004 1089 1068 1788 1539 1796 1926 1250 1657 1647 1515 1234 1112 BCNSPRNW ULIB Ver.6.0+V

เปลี่ยนเป็นภาษาไทย

Change to English
 แสดงรายละเอียดบรรณานุกรม
  กลับหน้าหลัก

Brief Record : Get Marc (ISO 2709) : E-mail record : QR code < ปิดหน้าต่าง
LEADER : 00000nam 2200000uu 4500
001    13399125675
003     ULIB
008    170714s2559||||th 000 0 tha d
020    ^a9786163948984
060  0 ^aWA100^bS187H
100 0  ^asamuel umereweneza
245 00 ^aHEALTH GUIDING PRINCIPLES A Preventive and Christian Perspective /^csamuel umereweneza
250    ^aSecond Edition
260    ^aNakhon Pathom :^bPhetkasemm ;^cม.ป.ป.
300    ^a334 หน้า ;^c19 ซม.
650  0 ^aHEALTH^xHealth Care
945    ^p0^l0^i002658
945    ^p0^l0^i002659
999    ^aประนอม เกษจรัล
รายการนี้ยังไม่มีแท็ก
คุณยังไม่ได้ล็อกอิน คุณสามารถมีกิจกรรมร่วมกับเว็บไซต์ได้ แต่ต้องล็อกอินก่อน ::
  ล็อกอิน

รายการสื่อสารสนเทศ

ลำดับที่ ประเภท เลขเรียก/บาร์โค้ด สถานที่ สถานะ
1. วิทยาศาสตร์การแพทย์ และสุขภาพ
วิทยาศาสตร์การแพทย์ และสุขภาพ
WA100 S187H ฉ.1 
  Barcode: 002658
ห้องสมุดวิทยาเขตสวรรค์ประชารักษ์
►หนังสือทั่วไป
บนชั้น
2. วิทยาศาสตร์การแพทย์ และสุขภาพ
วิทยาศาสตร์การแพทย์ และสุขภาพ
WA100 S187H ฉ.2 
  Barcode: 002659
ห้องสมุดวิทยาเขตสวรรค์ประชารักษ์
►หนังสือทั่วไป
บนชั้น

รายการใกล้เคียง
    ผู้แต่ง [samuel umereweneza]

BibComment


ยังไม่เคยถูกคอมเมนท์

คอมเมนท์ทรัพยากรรายการนี้
  คอมเมนท์: HEALTH GUIDING P..


 Copyright 2026. Bcnsprnw @Library